000
00291nam a22001337a 4500
008
181011b xxu||||| |||| 00| 0 eng d
020
_a
9780195174632
041
_a
eng
080
_2
2nd
_a
101
100
_a
24
101
_a
FIL
245
_a
Existencialism
_c
Solomon, R.C
942
_2
udc
_c
BK
999
_c
49422
_d
49422